| 000 | 00491nam a2200181Ia 4500 | ||
|---|---|---|---|
| 999 |
_c1796 _d1796 |
||
| 003 | OSt | ||
| 005 | 20200922122217.0 | ||
| 008 | 190216s9999||||xx |||||||||||||| ||und|| | ||
| 020 | _a9788131510827 | ||
| 040 | _coclc | ||
| 082 |
_a581 _bBER/T |
||
| 100 |
_aBerg, Linda R _94788 |
||
| 245 | 0 |
_aA Textbook Of Botany / _cLinda R Berg |
|
| 260 |
_bCengage Learning, _c2009. _aNew Delhi: |
||
| 300 | _a514p | ||
| 650 | _aBotany | ||
| 942 |
_cBK _2ddc _h581 _iBER/T _k581 _mBER/T |
||